UM Logo

Factors that Motivate Senior High School Students Of The University Of Mindanao Digos College To Read Outside The Campus. (Record no. 6372)

MARC details
000 -LEADER
fixed length control field 00657nam a22001577a 4500
008 - FIXED-LENGTH DATA ELEMENTS--GENERAL INFORMATION
fixed length control field 170309b xxu||||| |||| 00| 0 eng d
082 ## - DEWEY DECIMAL CLASSIFICATION NUMBER
Edition number 2016
Classification number UT 0711
Item number D38
100 ## - MAIN ENTRY--PERSONAL NAME
9 (RLIN) 19181
Personal name De Los Reyes, Quennie Joy L.
245 ## - TITLE STATEMENT
Title Factors that Motivate Senior High School Students Of The University Of Mindanao Digos College To Read Outside The Campus.
Statement of responsibility, etc. Quennie Joy L. De Los Reyes, Rovelyn R. Fiel and Giftphany C. Tado.
300 ## - PHYSICAL DESCRIPTION
Extent 43 pages;
Other physical details 29 cm.
650 #0 - SUBJECT ADDED ENTRY--TOPICAL TERM
9 (RLIN) 19182
Topical term or geographic name as entry element Education
Form subdivision English
General subdivision Undergraduate Thesis.
700 ## - ADDED ENTRY--PERSONAL NAME
9 (RLIN) 19183
Personal name De Los Reyes, Quennie Joy L.
700 ## - ADDED ENTRY--PERSONAL NAME
9 (RLIN) 19184
Personal name Fiel, Rovelyn R.
700 ## - ADDED ENTRY--PERSONAL NAME
9 (RLIN) 19185
Personal name Tado, Giftphany C.
942 ## - ADDED ENTRY ELEMENTS (KOHA)
Source of classification or shelving scheme Dewey Decimal Classification
Koha item type Undergraduate Thesis
Holdings
Withdrawn status Lost status Source of classification or shelving scheme Damaged status Not for loan Home library Current library Date acquired Total Checkouts Full call number Barcode Date last seen Price effective from Koha item type
    Dewey Decimal Classification     UM Digos College - LIC UM Digos College - LIC 11/07/2016   UT 0711 D38 2016 UT0711 03/09/2017 03/09/2017 Undergraduate Thesis